000 00706nam a2200217 i 4500
001 87749
003 ES-MaACL
005 20251008152457.0
007 t|
008 041223s1976 sp |||| | spa d
100 1 _aLacalle, Daniel,
_d1939-2025
_9159612
245 1 0 _aProfesionales en el Estado español
_b: situaciones objetivas y formas de organización /
_cDaniel Lacalle.
260 _aMadrid :
_bEdiciones de la Torre,
_c[1976]
300 _a190 p. ;
_c18 cm.
490 1 _aEl libro de bolsillo. Trabajo
650 0 4 _aProfesiones liberales-
_zEspaña.
_9164739
830 0 _aEl libro de bolsillo. Trabajo
_9231798
852 _aES-MaACL
_jA-6411
942 _2udc
999 _c87749
_d87749